000 00366nam a2200157Ia 4500
008 240126s9999 xx 000 0 und d
041 _aEnglish
082 _aLIBRARY-VII
245 0 _aPC Quest (2001 -
260 _bCyber Media
300 _cCD6814
440 _aNULL
650 _aComputer Science
650 _aQuest,(2001,-,Computer Science
942 _cJN
999 _c277656
_d277656